00551nam a2200181 a 4500008004100000020002200041100002100063245008400084250001200168260005300180300002400233504004100257500002000298650002400318003000100342005001700343040000900360  a0136250475 (pbk.)1 aMathews, John H.10aNumerical methods for mathematics, science, and engineering /cJohn H. Mathews. a2nd ed. aEnglewood Cliffs, N.J. :bPrentice Hall,cc1992. ax, 646 p. ;c24 cm. aIncludes bibliographical references. aIncludes index. 0aNumerical analysis.20230123134044.0 cNUST